Aspectos generales de la dinámica de la cultura en Centroamérica /
Uloženo v:
| Hlavní autor: | |
|---|---|
| Médium: | Text |
| Témata: | |
| Tagy: |
Přidat tag
Žádné tagy, Buďte první, kdo vytvoří štítek k tomuto záznamu!
|
MARC
| LEADER | 00000 a a2200000 04500 | ||
|---|---|---|---|
| 001 | 18556 | ||
| 003 | |||
| 040 | |||
| 100 | |a Cuevas Molina, Rafael | ||
| 245 | |a Aspectos generales de la dinámica de la cultura en Centroamérica / |c Rafael Cuevas Molina | ||
| 650 | |a ANALISIS REGIONAL | ||
| 650 | |a GEOGRAFIA CULTURAL | ||
| 650 | |a PLURALISMO CULTURAL | ||
| 650 | |a IDENTIDAD CULTURAL | ||
| 650 | |a CAMBIO SOCIAL | ||
| 650 | |a GLOBALIZACION | ||
| 650 | |a CAMBIO CULTURAL | ||
| 650 | |a HISTORIA SOCIAL | ||
| 773 | |g número 37; páginas 11-32 | ||
| 999 | |c 27028 |d 27028 | ||
